LEGO Creator Expert sets by picture - Statistics

General Stats
  • This quiz has been taken 36 times
  • The average score is 8 of 12
Answer Stats
Picture Answer % Correct
Titanic
100%
Ghostbusters ECTO-1
94%
Back to the Future Time Machine
88%
Optimus Prime
88%
London Bus
84%
Vespa
78%
NASA Space Shuttle Discovery
72%
High Speed Train
66%
Porsche 911
56%
Boutique Hotel
44%
Bird of Paradise
38%
Assembly Square
31%
No matching quizzes found
Score Distribution
Percent of People with Each Score
Percentile by Number Answered
Your Score History
You have not taken this quiz